| 000 | 00396nam a2200169Ia 4500 | ||
|---|---|---|---|
| 008 | 230711s9999||||xx |||||||||||||| ||und|| | ||
| 020 | _a978-0333-91833-3 | ||
| 041 | _aENG | ||
| 082 |
_a530 _bDE-S |
||
| 100 | _aDekker,AJ | ||
| 245 | 0 | _aSolid state Physics | |
| 250 | _a1st Ed. | ||
| 260 |
_c2012 _aNew Delhi _bMacMillan Publications Pvt.Ltd |
||
| 300 | _a540 | ||
| 650 | _aPhysics | ||
| 942 | _cBK | ||
| 999 |
_c903 _d903 |
||